Statystyki dla Rozpoznaj postacie Marvela Hard Quiz

Kliknij tutaj aby rozwiązać quiz!

Ogólne statystyki

  • Ten quiz został rozwiązany 117 razy
    (116 od ostatniego zresetowania)
  • Średni wynik to 25 z 431

Statystyki odpowiedzi

BohaterAlter Ego% Poprawnych
Kapitan AmerykaSteve Rogers
89%
Arachknight | Spider Boy | Spider Man | +2 othersPeter Parker
69%
Falcon | Giant Man | Kapitan AmerykaSam Wilson
54%
Kapitan Ameryka | Winter SoldierBucky Barnes
52%
HulkBruce Banner
48%
Black WidowNatasha Romanoff
48%
Dreadknight | Giant Man | Golden Archer | +2 othersClint Barton
39%
Black Widow | Kapitan Marvel | Ms. Marvel | VenomCarol Danvers
37%
Scarlett WitchWanda Maximoff
36%
Ant Man | NovaScott Lang
34%
VenomEddie Brock
33%
Kid Arachnid | Spider ManMiles Morales
32%
Czarna Pantera | Ghost PantherT'Chala
30%
ThorThor Odinson
30%
Spider GwenGwen Stacy
29%
Ant Man | Giant Man | Goliath | +2 othersHank Pym
29%
DeadpoolWade Wilson
26%
DaredevilMatt Murdock
25%
Green GoblinNorman Osborn
24%
Czarna PanteraShuri
23%
Czarna PanteraT'Chaka
23%
Mr. FantasticReed Richards
22%
Black WidowYelena Belova
21%
Green GoblinHarry Osborn
20%
War MachineJames Rhodes
20%
Doctor StrangeSteven Strange
20%
Invisible WomenSusan Storm
19%
Profesor XCharles Xavier
18%
ThorJane Foster
18%
White PhoenixJean Grey
18%
HawkeyeKate Bishop
15%
Cosmic Ghost Rider | Kapitan AmerykaFrank Castle
14%
Weapon X | WolverineJames Howlett
14%
Human TorchJohny Storm
14%
WaspJanet Van Dyne
13%
Ghost RaiderJohny Blaze
13%
NightcrawlerKurt Wagner
12%
Moon KnightMarc Spector
12%
Apocalypse | Cyclops | Dark PhoenixScott Summers
12%
Doctor DoomVictor Von Doom
12%
AbominationEmil Blonsky
11%
Ms. MarvelKamala Khan
11%
MysterioQuentin Beck
9%
Ms. AmericaAmerica Chavez
8%
Captain Universe | Dusk | Hornet | Spiderman 2099Miguel O'Hara
8%
StormOroro Munroe
8%
HulkAmadeus Cho
6%
Kapitan MarvelMar-Vell
6%
Ghost RaiderRobbie Reyes
6%
Black KnightDane Whitman
5%
Black Queen | Ice PrincessEmma Frost
5%
Kapitan BrytaniaBrian Braddock
4%
JuggernautCain Marko
4%
Kapitan Brytania | PsylockeElizabeth Braddock
4%
PolarisLorna Dane
4%
EchoMaya Lopez
4%
Apocalypse | Dazzler | Mr. Sinister | +4 othersRaven Darkholme
4%
VultureAdrian Toomes
3%
HavokAlexander Summers
3%
Scarlet Spider | Spider Carnage | Spider ManBen Reilly
3%
ThorBeta Ray Bill
3%
LizardCurtis Connors
3%
Iron FistDaniel Rand
3%
Squirrel GirlDoreen Green
3%
Black Widow | Spider WomenJessica Drew
3%
Human TorchJim Hammond
3%
MagnetoMax Eisenhardt
3%
Colossus | JuggernautPiotr Rasputin
3%
GambitRemy LeBeau
3%
NovaRichard Rider
3%
Red HulkThaddeus Ross
3%
Kapitan AmerykaWilliam Burnside
3%
DraxArthur Douglas
2%
White TigerAva Ayala
2%
Ghost Panther 2099Ava Cochrane
2%
MockingbirdBarbara Morse
2%
Black Goliath | Giant ManBill Foster
2%
CrossbonesBrock Rumlow
2%
Absorbing ManCarl Creel
2%
Ghost RaiderDaniel Ketch
2%
ElektraElektra Natchios
2%
Blade | Ronin | Spider HeroEric Brooks
2%
Avatar | Hyperstorm | PowerhouseFranklin Richards
2%
VulcanGabriel Summers
2%
Madame MasqueGiuletta Nefaria
2%
Strong GuyGuido Carosella
2%
BeastHenry McCoy
2%
SwordsmanJacques Duquesne
2%
Doctor VoodooJericho Drumm
2%
Kitty Pryde | Red QueenKatherine Pryde
2%
Ka-ZarKevin Plunder
2%
BullseyeLester
2%
ElectroMaxwell Dillon
2%
Soldier Supreme 2099Nico Cage
2%
Kapitan Marvel | Marvel BoyNoh-Varr
2%
Silver SurferNorrin Radd
2%
Iceman | RampageRobert Drake
2%
Soldier SupremeStephen Rogers
2%
SpeedThomas Shepherd
2%
Angel | Apocalypse | Archangel | Dark AngelWarren Worthington
2%
WiccanWilliam Kaplan
2%
Machine ManAaron Stack
1%
Blue MarvelAdam Brashear
1%
Dazzler | SongbirdAlison Blaire
1%
White TigerAngela del Toro
1%
AngelAngel Salvadore
1%
She VenomAnne Weying
1%
TaskmasterAnthony Masters
1%
Spider Bitch | Spider Girl | Spider WomanAshley Barton
1%
AcrobatCarl Zante
1%
Lady OctopusCarolyn Trainer
1%
Madame WebCassandra Webb
1%
BlinkClarice Ferguson
1%
Dark Angel | Mirage | Moonstar | +2 othersDanielle Moonstar
1%
ThorDargo Ktor
1%
Iron Hammer 2099Dargo Stark
1%
3D ManDelroy Garrett
1%
HulklingDorrek
1%
Weapon Hex 2099Eisenhart Strange
1%
Black QueenEmma Steed
1%
Thor | ThunderstrikeEric Masterson
1%
Ant ManEric O'Grady
1%
Agent Venom | Spider Man | VenomEugene Thompson
1%
Kapitan Marvel | PhotonGenis-Vell
1%
TigraGreer Grant
1%
White TigerHector Ayala
1%
HerculesHercules Panhellenios
1%
ArmorHisako Ichiki
1%
Kapitan AmerykaIsaiah Bradley
1%
Kapitan Ameryka | PatriotJeffrey Mace
1%
Jack of HeartsJonathan Hart
1%
Chamber | DecibelJonothon Starsmore
1%
ElixirJoshua Foley
1%
Captain Universe | GladiatorKallark
1%
Captain Universe | X-23Laura Kinney
1%
VenomLee Price
1%
VeilMadeline Berry
1%
Arachknight 2099Miguel Ravage
1%
Iron LadNathaniel Richards
1%
CableNathan Summers
1%
DominoNeena Thurman
1%
Spider Kid | Steel SpiderOliver Osnick
1%
ViperOphelia Sarkissian
1%
AguilaPaco Montoya
1%
HuskPaige Guthrie
1%
Kapitan MarvelPhyla-Vell
1%
YellowjacketRita DeMara
1%
Sentry | Silver Surfer | VoidRobert Reynolds
1%
Red Norvell | ThorRoger Norvell
1%
BlingRoxanne Washington
1%
Apocalypse | GenesisSabah Nur
1%
NovaSamuel Alexander
1%
CannonballSamuel Guthrie
1%
BansheeSean Cassidy
1%
Silver SableSilver Sablinova
1%
Wonder ManSimon Williams
1%
Iron HammerStark Odinson
1%
Boom BoomTabitha Smith
1%
Cloak | DaggerTandy Bowen
1%
SirynTheresa Cassidy
1%
Tiger SharkTodd Arliss
1%
CloackTyrone Johnson
1%
Major VictoryVance Astro
1%
AnoleVictor Borkowski
1%
Spirit Of '76William Naslund
1%
AnswerAaron Nicholson
0%
Daken | WolverineAkihiro
0%
AvatarAlaisa Pethnan
0%
AngelaAldrif Odinsottir
0%
AguilaAlejandro Montoya
0%
Destroyer | Powerpax | Zero-GAlexander Power
0%
Red GuardianAlexei Shostakov
0%
KurseAlgrim
0%
CipherAlisa Tager
0%
AftershockAllison Dillon
0%
SprocketAmelia Barnhardt
0%
Black Knight | SwordsmanAndreas Von Strucker
0%
VenomAngelo Fortunato
0%
UnusAngelo Unuscione
0%
RogueAnna MarieAnna Marie
0%
SpiderlingAnna-May Parker
0%
TarantulaAnton Rodriquez
0%
Araña | Spider GirlAnya Corazon
0%
Captain UniverseArcturus Rann
0%
DarwinArmando Muñoz
0%
TatterdemalionArnold Paffenroth
0%
AlbinoAugusta Seger
0%
AmericopBartholomew Galows
0%
AnacondaBlanche Sitznski
0%
DreadknightBram Velsing
0%
Destroyer | Union JackBrian Falsworth
0%
MimicCalvin Rankin
0%
X-CutionerCarl Denti
0%
Czarna TarantulaCarlos LaMuerto
0%
StatureCassandra Lang
0%
MercuryCessily Kincaid
0%
Spider WomenCharlotte Witter
0%
AardwolfChon Li
0%
Agent ZeroChristoph Nord
0%
Captain UniverseClare Dodgson
0%
Black MarvelDaniel Lyons
0%
DestroyerDarius
0%
ProdigyDavid Alleyne
0%
Giant ManDavid Scotty
0%
Steel SerpentDavos
0%
SuperiaDeidre Wentworth
0%
WreckerDirk Garthwaite
0%
Night TrasherDonyell Taylor
0%
CypherDouglas Ramsey
0%
Texas TwisterDrew Daniels
0%
Ant ManDwight Barrett
0%
HornetEdward McDonough
0%
VerminEdward Whelan
0%
WolverineEdwin Jones
0%
PatriotElijah Bradley
0%
Captain UniverseElijah Jackson
0%
ThunderballEliot Franklin
0%
SpellbinderErica Fortune
0%
Atlas | GoliathErik Josten
0%
PuckEugene Judd
0%
SpykeEvan Daniels
0%
PowerpaxFrancine Power
0%
Air WalkerGabriel Lan
0%
Captain UniverseGabriel Vargas
0%
JoltHelen Takahama
0%
SabreclawHudson Logan
0%
Steel SpiderIchigo Uzimaki
0%
Darkchild | MagikIllyana Rasputina
0%
Destroyer | Energizer | Mass MasterJack Power
0%
SpitfireJacqueline Falsworth
0%
Punisher 2099Jake Gallows
0%
Poison | WolverineJames Hudson Jr
0%
Speed DemonJames Saunders
0%
Black MarvelJanine Grey
0%
American EagleJason Strongbow
0%
AuroraJeanne-Marie Beaubier
0%
8 BallJeff Hagees
0%
RicochetJohnathon Gallo
0%
HulkJohn Eisenhart
0%
ThunderbirdJohn Proudstar
0%
Captain UniverseJonathan Hickman
0%
SpotJonathan Ohnn
0%
Hyperstorm | Supreme OneJonathan Richards
0%
AmunJon Kasiya
0%
Scarlet Spider | Steel SpiderJoseph Wade
0%
SpeedfreekJoss Shappe
0%
Arachne | Madame Web | Spider WomanJulia Carpenter
0%
HellionJulian Keller
0%
LightspeedJulie Power
0%
RictorJulio Richter
0%
Mad ThinkerJulius
0%
Scarlet Spider | Spider Man | TarantulaKaine Parker
0%
EnergizerKatherine Power
0%
ThorKatherine Renner
0%
Ghost RaiderKenshiro Cochrane
0%
White TigerKevin Cole
0%
DestroyerKevin Marlow
0%
Venom 2099Kron Stone
0%
Captain UniverseKrosakis
0%
XornKuan-Yin
0%
Doc SamsonLeonardo Samson
0%
Captain UniverseL'Matto
0%
SpikeLuna Maximoff
0%
Scorpion | VenomMacDonald Gargan
0%
Goblin QueenMadelyne Pryor
0%
Box | GeminiMadison Jeffries
0%
SpymasterMark Sharen
0%
Blazing SkullMark Todd
0%
Spider WomenMartha Franklin
0%
ScorpionMaximus Gargan
0%
RingmasterMaynard Tiboldt
0%
PixieMegan Gwynn
0%
AeroMelody Guthrie
0%
ThrenodyMelody Jacobs
0%
Blood SpiderMichael Bingham
0%
Scarlet SpiderMichael van Patrick
0%
Moira XMoira Kinross
0%
PenanceMonet St. Croix
0%
WaspNadia Pym
0%
X ManNathaniel Grey
0%
ThunderbirdNeal Shaara
0%
GentleNezhno Abidemi
0%
AbyssNils Styger
0%
SurgeNoriko Ashida
0%
Spider ManOcto Octavius
0%
GoliathOliver Queen
0%
Black MarvelOmar Mosely
0%
Wind WarriorPamela Shaw
0%
Yankee ClipperPatrick Carney
0%
ToxinPatrick Mulligan
0%
Marvel Girl | Prestige | Warrior WhiteRachel Summers
0%
AberrationRana Philips
0%
Cyclops | Mystique | Psylocke | X-23Raze Darkholme
0%
Giant ManRaz Malhotra
0%
Butterfly | PsylockeRevanche
0%
Wild ThingRina Logan
0%
StarRipley Ryan
0%
SpiralRita Wayword
0%
ProdigyRitchie Gilmore
0%
AhabRoderick Campbell
0%
HobgoblinRoderick Kingsley
0%
DestroyerRoger Aubrey
0%
Blindfold | DestinyRuth Aldine
0%
Giant ManSam Parkin
0%
RockslideSanto Vaccarro
0%
Black Priestess | Dark Hunters | Demon Huntress | +2 othersSelene
0%
Dark AngelShevaun Haldane
0%
TalonShir Talonis
0%
SpymasterSinclair Abbott
0%
Wind DancerSofia Mantega
0%
DustSooraya Qadir
0%
SpymasterTed Calloway
0%
Captain UniverseTed Simmons
0%
PumaThomas Fireheart
0%
AnarchistTike Alicar
0%
WolverineTomi Shishido
0%
AegisTrey Rollins
0%
VolkhVladimir Orekhov
0%
Black Archer | Golden ArcherWyatt McDonald
0%
Hulk | Living HulkXemnu
0%

Rozkład punktacji

Percentyl według liczby udzielonych odpowiedzi

Procent ludzi z każdym wynikiem

Twoja historia wyników

Nie rozwiązałeś tego quizu od ostatniego zresetowania